Micro-finance, pauvreté et développement (Record no. 22450)
[ view plain ]
| 000 -LEADER | |
|---|---|
| fixed length control field | 00436nam a22001337a 4500 |
| 020 ## - INTERNATIONAL STANDARD BOOK NUMBER | |
| ISBN | 2914610289 |
| 040 ## - CATALOGING SOURCE | |
| Transcribing agency | DLC |
| 082 ## - DEWEY DECIMAL CLASSIFICATION NUMBER | |
| Classification number | 334 SON 2007 C283 Or. |
| 100 ## - MAIN ENTRY--AUTHOR NAME | |
| Personal name | Souleymane Soulama |
| 245 ## - TITLE STATEMENT | |
| Title | Micro-finance, pauvreté et développement |
| 260 ## - PUBLICATION, DISTRIBUTION, ETC. (IMPRINT) | |
| Name of publisher | Éditions des archives contemporaines : Agence universitaire de la francophonie, Paris, impr. |
| Year of publication | 2007 |
| 300 ## - PHYSICAL DESCRIPTION | |
| Number of Pages | 1 vol. (165 p.) : |
| Other physical details | tableaux, graph. ; |
| Dimensions | 24 cm |
| 942 ## - ADDED ENTRY ELEMENTS (KOHA) | |
| Koha item type | ADB |
| 952 ## - LOCATION AND ITEM INFORMATION (KOHA) | |
| Withdrawn status [LOCAL, KOHA] | 0 |
| Permanent Location | Date acquired | Koha item type | Lost status | Shelving location | Barcode | Current Location | Full call number |
|---|---|---|---|---|---|---|---|
| Library Block C | 2023-12-29 | ADB | C283 | a07113 | Library Block C | 334 SON 2007 C283 Or. |